Jaké jsou rozhodující předpoklady tržního hospodářství?

Definíciu trhu a jeho fungovania podľa amerického profesora Samuelsona. Vzájomné väzby medzi ponukou a dopytom. Rozhodujúce predpoklady fungovania trhového mechanizmu. Charakteristika základných pojmov. Analýza neúspechu ekonomických reforiem vo východnej Európe. Tvorba hybridných hospodárskych syst...

Descrizione completa

Salvato in:
Dettagli Bibliografici
Autore principale: Štrup, I.
Natura: Capitolo di libro
Lingua:ceco
Soggetti:
Tags: Aggiungi Tag
Nessun Tag, puoi essere il primo ad aggiungerne!!

MARC

LEADER 00000naa a2200000 4500
001 r002184
005 20220819175226.6
041 0 |a cze 
044 |a [CS] 
245 1 0 |a Jaké jsou rozhodující předpoklady tržního hospodářství?  |c I. Štrup 
520 |a Definíciu trhu a jeho fungovania podľa amerického profesora Samuelsona. Vzájomné väzby medzi ponukou a dopytom. Rozhodujúce predpoklady fungovania trhového mechanizmu. Charakteristika základných pojmov. Analýza neúspechu ekonomických reforiem vo východnej Európe. Tvorba hybridných hospodárskych systémov. 
610 2 0 |a hospodárstvo trhové 
610 2 0 |a Samuelson, P.A. 
610 2 0 |a ponuka 
610 2 0 |a dopyt 
610 2 0 |a mechanizmus trhový 
610 2 0 |a reformy hospodárske 
610 2 0 |a východná Európa 
100 1 |a Štrup, I.